[Event "Polanica Zdroj op-C 49th"]
[Site "Polanica Zdroj"]
[Date "2013.08.24"]
[Round "8"]
[White "Kozicz, Andrzej"]
[Black "Pojedziniec, Wladyslaw"]
[Result "1/2-1/2"]
[WhiteElo "2082"]
[BlackElo "2120"]
[PlyCount "45"]
[EventDate "2013.08.17"]
[EventType "swiss"]
[EventRounds "9"]
[EventCountry "POL"]
[SourceTitle "EXT 2023"]
[Source "ChessBase"]
[SourceDate "2022.10.05"]
[SourceVersion "1"]
[SourceVersionDate "2022.10.05"]
[SourceQuality "1"]

1. e4 c6 2. d4 d5 3. Nc3 dxe4 4. Nxe4 Nd7 5. Be2 Ngf6 6. Ng3 e6 7. Nf3 Bd6 8. 0-0 0-0 9. b3 c5 10. Bb2 b6 11. c4 Bb7 12. Qc2 Qc7 13. Rad1 cxd4 14. Nxd4 a6 15. Bf3 Bxf3 16. Nxf3 Rfd8 17. Qe2 Be7 18. Nf5 Bf8 19. Ng3 Be7 20. Nf5 Bf8 21. Ng3 Be7 22. Nf5 Bf8 23. Ng3 1/2-1/2

[Event "Polanica Zdroj op-B 47th"]
[Site "Polanica Zdroj"]
[Date "2011.??.??"]
[Round "7"]
[White "Budrewicz, Henryk"]
[Black "Kozicz, Andrzej"]
[Result "0-1"]
[WhiteElo "1607"]
[BlackElo "2014"]
[PlyCount "74"]
[EventDate "2011.08.18"]
[EventType "swiss"]
[EventRounds "9"]
[EventCountry "POL"]
[SourceTitle "CBM 144 Extra"]
[Source "ChessBase"]
[SourceDate "2011.10.28"]
[SourceVersion "1"]
[SourceVersionDate "2011.10.28"]
[SourceQuality "1"]

1. d4 d5 2. Nf3 e6 3. Bf4 Bd6 4. Bxd6 Qxd6 5. c3 f5 6. Ne5 Nf6 7. e3 0-0 8. f4 c5 9. Be2 cxd4 10. exd4 Nc6 11. 0-0 Ne4 12. Nd2 a6 13. a4 Bd7 14. Rf3 Qe7 15. Rh3 Nxe5 16. fxe5 Ng5 17. Rh4 Ne4 18. Nf3 g5 19. Rh6 Kg7 20. Rf6 Nxf6 21. exf6+ Qxf6 22. Ne5 Bc6 23. h3 Rh8 24. Bh5 Be8 25. Qf3 Bxh5 26. Qxh5 b5 27. a5 Rhc8 28. Nd7 Qf7 29. Qxg5+ Kh8 30. Nb6 Rg8 31. Qf4 Rad8 32. Re1 Rg6 33. Re2 Qg7 34. Qe5 Qxe5 35. Rxe5 Kg8 36. Kf2 Kf7 37. Re2 Ke7 0-1

[Event "Polanica Zdroj op-B 47th"]
[Site "Polanica Zdroj"]
[Date "2011.??.??"]
[Round "3"]
[White "Dulinski, Stanislaw"]
[Black "Kozicz, Andrzej"]
[Result "0-1"]
[WhiteElo "1831"]
[BlackElo "2014"]
[PlyCount "42"]
[EventDate "2011.08.18"]
[EventType "swiss"]
[EventRounds "9"]
[EventCountry "POL"]
[SourceTitle "CBM 144 Extra"]
[Source "ChessBase"]
[SourceDate "2011.10.28"]
[SourceVersion "1"]
[SourceVersionDate "2011.10.28"]
[SourceQuality "1"]

1. e4 c5 2. c4 Nc6 3. Nc3 d6 4. f4 Nd4 5. h3 e5 6. Nf3 exf4 7. Nd5 Nf6 8. d3 Nxd5 9. cxd5 Nxf3+ 10. Qxf3 Qh4+ 11. Kd1 g5 12. Bd2 Bg7 13. Kc2 Be5 14. Be2 f6 15. Raf1 Bd7 16. Bc3 0-0-0 17. Ba5 Rde8 18. Kb1 Qh6 19. Rc1 Kb8 20. h4 g4 21. Qf1 f5 0-1

[Event "Polanica Zdroj op Seniors 45th"]
[Site "Polanica Zdroj"]
[Date "2009.08.23"]
[Round "5"]
[White "Zoltek, Tadeusz"]
[Black "Kozicz, Andrzej"]
[Result "1/2-1/2"]
[WhiteElo "2194"]
[BlackElo "2029"]
[PlyCount "65"]
[EventDate "2009.08.18"]
[EventType "swiss"]
[EventRounds "9"]
[EventCountry "POL"]
[SourceTitle "EXT 2012"]
[Source "ChessBase"]
[SourceDate "2011.11.24"]
[SourceVersion "1"]
[SourceVersionDate "2011.11.24"]
[SourceQuality "1"]

1. Nf3 d5 2. b3 e6 3. Bb2 f5 4. g4 fxg4 5. Ne5 Nf6 6. e3 Nbd7 7. Nxg4 Nxg4 8. Qxg4 Nf6 9. Qg2 Qe7 10. c4 c6 11. Nc3 Bd7 12. 0-0-0 0-0-0 13. f4 g6 14. d4 Kb8 15. c5 Rg8 16. h4 Bh6 17. Kb1 Bc8 18. Be2 Ka8 19. Ka1 Qc7 20. b4 Bd7 21. Rb1 Rb8 22. Bc1 Qd8 23. Bd2 Qc7 24. Rb3 Bf8 25. Rhb1 b5 26. cxb6 Rxb6 27. Na4 Rb8 28. Bd3 Bd6 29. Nc5 Bxc5 30. bxc5 Rxb3 31. Rxb3 Rb8 32. Qg5 Rxb3 33. axb3 1/2-1/2

[Event "Katy Rybackie op"]
[Site "Katy Rybackie"]
[Date "2009.06.20"]
[Round "8"]
[White "Jaworski, Miroslaw"]
[Black "Kozicz, Andrzej"]
[Result "1-0"]
[WhiteElo "2363"]
[BlackElo "2032"]
[PlyCount "117"]
[EventDate "2009.06.14"]
[EventType "swiss"]
[EventRounds "9"]
[EventCountry "POL"]
[SourceTitle "CBM 131 Extra"]
[Source "ChessBase"]
[SourceDate "2009.09.03"]
[SourceVersion "2"]
[SourceVersionDate "2009.09.16"]
[SourceQuality "1"]

1. d4 d5 2. c4 e6 3. Nf3 f5 4. g3 c6 5. Bg2 Bd6 6. 0-0 Nf6 7. b3 0-0 8. Ba3 Qe7 9. Qc1 Nbd7 10. Bxd6 Qxd6 11. Qb2 Ne4 12. Nbd2 a5 13. a3 Qe7 14. Ne1 Nxd2 15. Qxd2 Qf6 16. Rc1 h6 17. e3 Kh7 18. cxd5 exd5 19. Nd3 Qd6 20. a4 Nf6 21. Qc2 g6 22. Rb1 Re8 23. b4 axb4 24. Rxb4 Ne4 25. Rfb1 Re7 26. f3 Nf6 27. Ne5 Nd7 28. f4 Nxe5 29. fxe5 Qd8 30. Qb3 Qa5 31. Rc1 Qd8 32. Rb6 Rg7 33. Rb4 Qg5 34. Qc3 h5 35. Kf2 Qd8 36. Bf3 Kh6 37. Qd2 Kh7 38. Rc5 Rf7 39. Qc2 Rg7 40. Rb2 Re7 41. Qc3 Rg7 42. a5 h4 43. Rb1 Kh8 44. Be2 hxg3+ 45. hxg3 Rh7 46. Rg1 Rh2+ 47. Rg2 Rxg2+ 48. Kxg2 Bd7 49. Qb4 b6 50. Qxb6 Qxb6 51. axb6 Rb8 52. Ra5 Kg8 53. Ra7 Bc8 54. Rc7 Bb7 55. Bd1 Kf8 56. Ba4 Ra8 57. Rxb7 Rxa4 58. Rc7 Ra2+ 59. Kf3 1-0

[Event "Wisla op"]
[Site "Wisla"]
[Date "2009.05.10"]
[Round "9"]
[White "Pela, Edward"]
[Black "Kozicz, Andrzej"]
[Result "1-0"]
[WhiteElo "1951"]
[BlackElo "2029"]
[PlyCount "49"]
[EventDate "2009.05.04"]
[EventType "swiss"]
[EventRounds "11"]
[EventCountry "POL"]
[SourceTitle "EXT 2012"]
[Source "ChessBase"]
[SourceDate "2011.11.24"]
[SourceVersion "1"]
[SourceVersionDate "2011.11.24"]
[SourceQuality "1"]

1. d4 d5 2. Bg5 c6 3. e3 f5 4. c4 Qa5+ 5. Nc3 e6 6. a3 Nd7 7. b4 Qc7 8. Bd3 Ndf6 9. Qc2 Qd7 10. cxd5 exd5 11. b5 Ne4 12. bxc6 bxc6 13. Bf4 Bd6 14. Bxd6 Qxd6 15. Nf3 Ne7 16. Ne5 0-0 17. f4 Be6 18. 0-0 Rab8 19. Na4 Rfc8 20. Rfc1 Rc7 21. Ba6 c5 22. Bd3 c4 23. Bxe4 fxe4 24. Nc5 Nf5 25. Qc3 1-0

[Event "Polanica Zdroj op-B 44th"]
[Site "Polanica Zdroj"]
[Date "2008.08.26"]
[Round "8"]
[White "Kozicz, Andrzej"]
[Black "Borowicz, Przemyslaw"]
[Result "1-0"]
[WhiteElo "2075"]
[BlackElo "1957"]
[PlyCount "58"]
[EventDate "2008.08.19"]
[EventType "swiss"]
[EventRounds "10"]
[EventCountry "POL"]
[SourceTitle "CBM 126 Extra"]
[Source "ChessBase"]
[SourceDate "2008.11.05"]
[SourceVersion "1"]
[SourceVersionDate "2008.11.05"]
[SourceQuality "1"]

1. e4 c6 2. d4 d5 3. Nc3 dxe4 4. Nxe4 Nd7 5. h3 Ngf6 6. Bd3 Nxe4 7. Bxe4 Nf6 8. Bf3 Bf5 9. Ne2 e6 10. 0-0 Bd6 11. c4 0-0 12. Bg5 e5 13. b3 h6 14. Ng3 Bh7 15. Be3 e4 16. Be2 Qc7 17. Nh5 Nxh5 18. Bxh5 f5 19. f4 Rad8 20. Qc2 Be7 21. Rad1 Bf6 22. Rd2 g6 23. Be2 g5 24. g3 Qg7 25. d5 gxf4 26. Bxf4 c5 27. Bh5 Bg6 28. Qd1 Kh7 29. Rg2 Bg5 1-0

[Event "Polanica Zdroj op-B 44th"]
[Site "Polanica Zdroj"]
[Date "2008.08.24"]
[Round "6"]
[White "Kozicz, Andrzej"]
[Black "Galyga, Jozef"]
[Result "1-0"]
[WhiteElo "2075"]
[BlackElo "1884"]
[PlyCount "63"]
[EventDate "2008.08.19"]
[EventType "swiss"]
[EventRounds "10"]
[EventCountry "POL"]
[SourceTitle "CBM 126 Extra"]
[Source "ChessBase"]
[SourceDate "2008.11.05"]
[SourceVersion "1"]
[SourceVersionDate "2008.11.05"]
[SourceQuality "1"]

1. e4 e6 2. d4 d5 3. Nc3 Nf6 4. e5 Nfd7 5. f4 c5 6. Nf3 Nc6 7. Be3 Qa5 8. a3 cxd4 9. Nxd4 a6 10. Be2 Be7 11. 0-0 0-0 12. Kh1 Nxd4 13. Bxd4 Qc7 14. b4 Nb6 15. Bd3 Rd8 16. Rf3 g6 17. g4 Nc4 18. Qg1 Bd7 19. Qf2 Bc6 20. Bf1 g5 21. Rh3 f6 22. Bd3 fxe5 23. Bxh7+ Kg7 24. fxg5 Bxg5 25. Rh5 Qe7 26. Bc5 Qf6 27. Rf1 Qxf2 28. Rxg5+ Kxh7 29. Rxf2 d4+ 30. Kg1 dxc3 31. Rf7+ Kh6 32. Be3 1-0

[Event "Polanica Zdroj op-B 44th"]
[Site "Polanica Zdroj"]
[Date "2008.08.19"]
[Round "1"]
[White "Hadzicki, Tomasz"]
[Black "Kozicz, Andrzej"]
[Result "1-0"]
[WhiteElo "1861"]
[BlackElo "2075"]
[PlyCount "109"]
[EventDate "2008.08.19"]
[EventType "swiss"]
[EventRounds "10"]
[EventCountry "POL"]
[SourceTitle "CBM 126 Extra"]
[Source "ChessBase"]
[SourceDate "2008.11.05"]
[SourceVersion "1"]
[SourceVersionDate "2008.11.05"]
[SourceQuality "1"]

1. e4 c5 2. Nf3 Nc6 3. d3 d6 4. g3 e6 5. Bg2 Be7 6. 0-0 Nf6 7. Re1 Qc7 8. Nbd2 0-0 9. Nf1 b5 10. h4 Bb7 11. N1h2 Rad8 12. Bf4 Ne5 13. Ng5 Ng6 14. Be3 d5 15. h5 Ne5 16. f4 Nc6 17. e5 Ne8 18. f5 exf5 19. e6 f6 20. Nf7 Qxg3 21. Bf2 Qc7 22. Nxd8 Nxd8 23. Nf3 d4 24. Nh4 Bxg2 25. Kxg2 Qf4 26. Qf3 Qg5+ 27. Kh1 f4 28. Rg1 Qe5 29. Rae1 Qc7 30. Nf5 Kh8 31. Qg4 Rg8 32. Rg2 Nc6 33. Nh6 Rf8 34. Nf7+ Kg8 35. Reg1 Rxf7 36. exf7+ Kxf7 37. Qf5 Ne5 38. Qxh7 Qc6 39. Qe4 Qe6 40. h6 g5 41. Re1 Nd6 42. Qa8 Qc8 43. Qd5+ Qe6 44. Qxe6+ Kxe6 45. h7 Ndf7 46. c3 dxc3 47. bxc3 Kf5 48. d4 cxd4 49. cxd4 Ng6 50. Rh2 Bd6 51. Re8 Nfh8 52. d5 a5 53. Rh6 f3 54. Rxg6 Kxg6 55. Rxh8 1-0

[Event "Rowy op-A 17th"]
[Site "Rowy"]
[Date "2008.06.19"]
[Round "6.6"]
[White "Kozicz, Andrzej"]
[Black "Mokwa, Marek"]
[Result "1/2-1/2"]
[WhiteElo "2075"]
[BlackElo "1914"]
[PlyCount "68"]
[EventDate "2008.06.14"]
[EventType "swiss"]
[EventRounds "9"]
[EventCountry "POL"]
[SourceTitle "EXT 2023"]
[Source "ChessBase"]
[SourceDate "2022.10.05"]
[SourceVersion "1"]
[SourceVersionDate "2022.10.05"]
[SourceQuality "1"]

1. e4 e5 2. Nf3 Nc6 3. Bc4 Nf6 4. 0-0 Nxe4 5. Re1 d5 6. Bb5 Bc5 7. d4 exd4 8. Ng5 0-0 9. Nxe4 dxe4 10. Rxe4 Re8 11. Bg5 f6 12. Rxe8+ Qxe8 13. Bh4 Qe4 14. Bg3 Nb4 15. Nd2 Qxc2 16. Bxc7 Qxd1+ 17. Rxd1 Be6 18. Ne4 Nd5 19. Bg3 Bb6 20. a3 Rc8 21. Bd3 Bc7 22. Nd6 Bxd6 23. Bxd6 Rc6 24. Bb8 a5 25. h3 Rb6 26. Rd2 Ne7 27. Ba7 Rd6 28. Bc5 Rd7 29. Bb5 Nc6 30. Bxc6 bxc6 31. Rxd4 Rxd4 32. Bxd4 Kf7 33. h4 Bc4 34. g3 Ke7 1/2-1/2

[Event "Rowy op-A 17th"]
[Site "Rowy"]
[Date "2008.06.16"]
[Round "3.8"]
[White "Raszkiewicz, Agnieszka"]
[Black "Kozicz, Andrzej"]
[Result "1/2-1/2"]
[WhiteElo "1833"]
[BlackElo "2075"]
[PlyCount "110"]
[EventDate "2008.06.14"]
[EventType "swiss"]
[EventRounds "9"]
[EventCountry "POL"]
[SourceTitle "EXT 2023"]
[Source "ChessBase"]
[SourceDate "2022.10.05"]
[SourceVersion "1"]
[SourceVersionDate "2022.10.05"]
[SourceQuality "1"]

1. e4 c5 2. Nf3 Nc6 3. d4 cxd4 4. Nxd4 Nf6 5. Nc3 d6 6. Be2 e6 7. 0-0 a6 8. Kh1 Qc7 9. f4 Be7 10. Be3 0-0 11. Qe1 Nxd4 12. Bxd4 b5 13. a3 Bb7 14. Bf3 e5 15. Be3 Qc4 16. Bd2 Kh8 17. Rd1 Rae8 18. f5 Rg8 19. Be2 Qc7 20. Bf3 Qc4 21. Be2 Qc5 22. Bf3 Bf8 23. Bg5 Be7 24. Bxf6 Bxf6 25. Qf2 Rd8 26. Nd5 Qxf2 27. Rxf2 Bxd5 28. Rxd5 Be7 29. c3 Rc8 30. Rfd2 Rc4 31. Kg1 Rgc8 32. Kf2 Kg8 33. g3 Kf8 34. Bg2 R8c7 35. Kf3 f6 36. Bf1 R4c6 37. Rd1 Ke8 38. Ra1 Kd8 39. a4 bxa4 40. Rxa4 Rb6 41. Rxa6 Rxb2 42. Ra8+ Rc8 43. Rxc8+ Kxc8 44. h3 Rb3 45. Rd3 Kd7 46. c4 Rxd3+ 47. Bxd3 g6 48. g4 g5 49. Be2 Bd8 50. Ke3 Bb6+ 51. Kd3 Kc6 52. Bd1 Kc5 53. Be2 Ba5 54. Bd1 Be1 55. Be2 Bb4 1/2-1/2